Essential of marketing research / (Record no. 403)
[ view plain ]
| 000 -LEADER | |
|---|---|
| fixed length control field | 00763nam a22002292 4500 |
| 001 - CONTROL NUMBER | |
| control field | 0000002238 |
| 005 - DATE AND TIME OF LATEST TRANSACTION | |
| control field | 20151021151056.0 |
| 008 - FIXED-LENGTH DATA ELEMENTS--GENERAL INFORMATION | |
| fixed length control field | 070405s xx 000 0 eng d |
| 020 ## - INTERNATIONAL STANDARD BOOK NUMBER | |
| International Standard Book Number | 0256081123 : |
| Terms of availability | KES 3,200 |
| 040 ## - CATALOGING SOURCE | |
| Original cataloging agency | KABU |
| Transcribing agency | KABU |
| 050 #0 - LIBRARY OF CONGRESS CALL NUMBER | |
| Classification number | HF5415.2 |
| Item number | .D537 1993 |
| 100 1# - MAIN ENTRY--PERSONAL NAME | |
| Personal name | Dillon, William R. |
| -- | 0000151522 |
| 245 10 - TITLE STATEMENT | |
| Title | Essential of marketing research / |
| Statement of responsibility, etc. | William R. Dillon, Thomas J. Madden, Neil H. Firtle. |
| 260 ## - PUBLICATION, DISTRIBUTION, ETC. (IMPRINT) | |
| Place of publication, distribution, etc. | Boston, Massachusetts : |
| Name of publisher, distributor, etc. | Irwin/McGraw-Hill, |
| Date of publication, distribution, etc. | 1993. |
| 300 ## - PHYSICAL DESCRIPTION | |
| Extent | xviii, 556 p. |
| 650 #0 - SUBJECT ADDED ENTRY--TOPICAL TERM | |
| Topical term or geographic name as entry element | Marketing research. |
| -- | 0000151518 |
| 700 1# - ADDED ENTRY--PERSONAL NAME | |
| Personal name | Madden, Thomas J. |
| -- | 0000151523 |
| 700 1# - ADDED ENTRY--PERSONAL NAME | |
| Personal name | Firtle, Neil H. |
| -- | 0000151524 |
| 908 ## - PUT COMMAND PARAMETER (RLIN) | |
| Put command parameter | 070405 |
| 950 ## - LOCAL HOLDINGS (RLIN) | |
| -- | 1 |
| Withdrawn status | Lost status | Source of classification or shelving scheme | Not for loan | Home library | Current library | Date acquired | Total Checkouts | Full call number | Barcode | Date last seen | Price effective from | Koha item type |
|---|---|---|---|---|---|---|---|---|---|---|---|---|
| Library of Congress Classification | Kabarak, Main Campus | Kabarak, Main Campus | 17/12/2015 | HF5415.2 .D537 1993 | 002435 | 17/12/2015 | 17/12/2015 | General Collection | ||||
| Library of Congress Classification | Kabarak, Main Campus | Kabarak, Main Campus | 17/12/2015 | HF5415.2 .D537 1993 | 002436 | 17/12/2015 | 17/12/2015 | General Collection | ||||
| Library of Congress Classification | Kabarak, Main Campus | Kabarak, Main Campus | 17/12/2015 | HF5415.2 .D537 1993 | 002437 | 17/12/2015 | 17/12/2015 | General Collection | ||||
| Library of Congress Classification | Kabarak, Main Campus | Kabarak, Main Campus | 17/12/2015 | HF5415.2 .D537 1993 | 002439 | 17/12/2015 | 17/12/2015 | General Collection | ||||
| Library of Congress Classification | Kabarak, Nakuru City Campus | Kabarak, Nakuru City Campus | 21/10/2015 | HF5415.2 .D537 1993 c. 1 | 003061 | 21/10/2015 | 21/10/2015 | General Collection |